| 000 | 01808nam0a2200325 4500 | ||
|---|---|---|---|
| 001 | RU\NLR\BIBL_A\011458975 | ||
| 005 | 20260409073637.0 | ||
| 010 |
_a9785994823095 _9100 |
||
| 021 |
_aRU _b2017-55417 _93944 |
||
| 035 | _a(RuMoRGB)008948104 | ||
| 035 | _a(NLR Aleph) 011458975 | ||
| 090 |
_a11792481 _c11792481 |
||
| 100 | _a20170821d2016 u y0rusy50 ca | ||
| 101 | 0 | _arus | |
| 102 | _aRU | ||
| 105 | _aa|||j|||000zy | ||
| 200 | 1 |
_aАрхитектура информационных систем _eучебное пособие _e[для бакалавров кафедры "Прикладная информатика в экономике" обучающихся по направлению 38.03.05 "Бизнес-информатика"] _fА.В. Копылов, Е.М. Солнышкина, П.В. Терелянский _gМинистерство образования и науки Российской Федерации, Волгоградский государственный технический университет |
|
| 210 |
_aВолгоград _cВолгГТУ _d2016 |
||
| 215 |
_a93, [1] с. _cил., табл. _d20 |
||
| 320 | _aБиблиогр. в конце кн. (21 назв.) | ||
| 606 |
_aЭкономика _xИнформационные системы _jУчебные издания для высших учебных заведений _3RU\NLR\AUTH\661265458 _92090732 |
||
| 686 | 1 | _aУ.ф0я73 | |
| 686 | 1 | _aУ.в612я73 | |
| 700 | 1 |
_aКопылов _bА. В. _gАлексей Владимирович |
|
| 701 | 1 |
_aСолнышкина _bЕ. М. _gЕвгения Михайловна |
|
| 701 | 1 |
_aТерелянский _bП. В. _gПавел Васильевич |
|
| 942 | _cBOOK | ||
| 980 | _aNBR | ||